01747cam a22003857a 4500003000500000005001700005008004100022010001000063011001000073035001000083040000900093090001000102100003900112245015200151260004100303300003100344502017200375590003700547590004100584590004100625590004100666590004200707650005500749650002900804700004200833710004900875901000700924905002600931942000900957949006200966949004901028999001701077952014001094952012701234CHAP20220329142726.0010920d2001 mx r 00110 spa d a86899 a87871 a98415 cCHAP aTesis00aPérez Jiménez, Osvaldo.98976310aEvaluación del programa de apoyo al desarrollo rural 2001 en el Estado de Guerreroc/por Osvaldo Pérez Jiménez y Oscar Ariel Zerecero Salazar aChapingo, Méx. :bEl autor,c2003. a75 h. :bgráfs. ; anexos aTesis (Ing. Agr. Esp. en Economía Agrícola y Lic. en Comercio Internacional de Productos Agropecuarios) -- UACH. División de Ciencias Económico Administrativas aALEPHb10c20130110lUCH01h1451 aBATCH-UPDb10c20130110lUCH01h0622 aBATCH-UPDb10c20130410lUCH01h1623 aBATCH-UPDb10c20130914lUCH01h1147 aCONVERSIONb10c20130109lUCH01h134804aDesarrollo de la comunidad ruralzGuerrero.93203714aDesarrollo rural.93206700aZerecero Salazar, Oscar Ariel912396200aPrograma de Apoyo al Desarrollo Rural992284 aBK aAlejandra Carrasco M. cFOLL aTesisbBCcTESd33724000884003eTS2fc.2h40491i98415sb aTesisbBCcTESd984151eTS1h40490i98415sb c86899d86899 00102local4053708TESISaBCbBCcPA_TESISd2019-12-31fTESISl0oTesisp33724000884003r2019-12-31 00:00:00tc.2w2019-12-31yTESIS 00102local4051708TESISaBCbBCcPA_TESISd2019-12-31fTESISl0oTesisp984151r2019-12-31 00:00:00w2019-12-31yTESIS